Name Every Clippers Player in the 2024-25 Season - Statistics

General Stats
  • This quiz has been taken 6 times
  • The average score is 12 of 21
Answer Stats
Hint Answer % Correct
Led the league in FTA for 7 seasons straight (2012-2019) James Harden
100%
Injury riddled superstar with 2 FMVPs for different teams Kawhi Leonard
100%
Was in the running for MIP Norman Powell
100%
Australian basketball player once seen as 'the next LeBron' who had one of the worst regressions of all time, caused by injuries, lack of confidence and mental health issues Ben Simmons
80%
Led the league in offensive rating for two seasons in a row (2019-20 and 2020-21) Ivica Zubac
80%
"4th quarter yelling, why the f*** _____ in?" Nicolas Batum
80%
Fan favourite who famously exploded for 39 points in game 6 against the Jazz in 2021 to advance to the Western Conference Finals for the first time in franchise history Terance Mann
80%
Traded to the Atlanta Hawks, then waived just 2 days later Bones Hyland
60%
Won the slam dunk contest in 2020 Derrick Jones Jr.
60%
Was waived by the Hornets in late 2023 partially due to an ongoing mental health episode, which included shaving his hair, drawing on his walls and talking nonsense on Instagram livestreams Kai Jones
60%
Traded to the Bucks in a 1 for 1 player swap Kevin Porter Jr.
60%
A song was released in 2017 with his name as the title Mo Bamba
60%
His twin brother was a part of arguably the biggest trade in NBA history Cam Christie
40%
One of only 14 NBA players of Native American descent (one of 4 active) MarJon Beauchamp
40%
The most notable Indigenous Australian man to play basketball Patty Mills
40%
He played for the same team as Josh Giddey 2 years after he was drafted to OKC Trentyn Flowers
40%
Has a sister playing in the WNBA Amir Coffey
20%
San Antonio Spurs > Portland Trailblazers > Phoenix Suns > Utah Jazz > Los Angeles Clippers Drew Eubanks
20%
Only two other players in NBA history share his initials, one of which is regarded as the 9th best player of all time by ESPN Kobe Brown
20%
Drafted at pick 5 in 2016 by the Minnesota Timberwolves Kris Dunn
20%
Picked 43rd by the Clippers in 2023 and signed a 4-year, $8,300,000 contract in March of 2025 Jordan Miller
0%
No matching quizzes found
Score Distribution
Percent of People with Each Score
Percentile by Number Answered
Your Score History
You have not taken this quiz